[Event "Michigan Class D/E"]
[Site "Auburn Hills"]
[Date "2005.01.15"]
[Round "1.16"]
[White "Kautz, Philip"]
[Black "Kapa, Goutham"]
[Result "0-1"]
[WhiteElo "844"]
[BlackElo "1248"]
[PlyCount "74"]
[EventDate "2005.01.15"]
[EventType "swiss"]
[EventRounds "5"]
[EventCountry "USA"]
[SourceTitle "EXT 2006"]
[Source "ChessBase"]
[SourceDate "2005.11.24"]
[SourceVersion "1"]
[SourceVersionDate "2005.11.24"]
[SourceQuality "1"]

1. e4 Nf6 2. e5 Nd5 3. Bc4 Nb6 4. d3 d5 5. Bb3 c5 6. c3 Qc7 7. Nf3 Bg4 8. Nbd2 Nc6 9. Ba4 Nxa4 10. Qxa4 Bd7 11. Qf4 f6 12. Nb3 Nxe5 13. Nxe5 fxe5 14. Qe3 d4 15. cxd4 exd4 16. Qe2 b6 17. 0-0 Bb5 18. Re1 g6 19. Bg5 h6 20. Bh4 g5 21. Bg3 Qb7 22. a4 Ba6 23. Nd2 Qc6 24. Qe4 Qxe4 25. Nxe4 Bxd3 26. Nd6+ Kd7 27. Nf7 Bg7 28. Be5 Rhf8 29. Bxg7 Rxf7 30. Bxh6 Rg8 31. h4 gxh4 32. Bd2 Rfg7 33. a5 Rxg2+ 34. Kh1 Rxf2 35. Bh6 Rgg2 36. axb6 Rh2+ 37. Kg1 Rfg2# 0-1

[Event "Michigan Amateur op"]
[Site "Kalamazoo"]
[Date "2004.10.24"]
[Round "4"]
[White "Kapa, Goutham"]
[Black "Van Horn, De Wayne"]
[Result "1-0"]
[WhiteElo "1248"]
[BlackElo "1306"]
[PlyCount "101"]
[EventDate "2004.10.23"]
[EventType "swiss"]
[EventRounds "5"]
[EventCountry "USA"]
[SourceTitle "EXT 2007"]
[Source "ChessBase"]
[SourceDate "2006.11.23"]
[SourceVersion "1"]
[SourceVersionDate "2006.11.23"]
[SourceQuality "1"]

1. e4 g5 2. Bc4 h6 3. d3 Bg7 4. Qh5 e6 5. f4 Nf6 6. Qe2 g4 7. e5 Nd5 8. Bxd5 exd5 9. Qxg4 Rg8 10. f5 Kf8 11. f6 d6 12. fxg7+ Rxg7 13. Qf3 Qh4+ 14. g3 Qd4 15. exd6 cxd6 16. c3 Qb6 17. b3 Bg4 18. Qxd5 Rg6 19. d4 Nd7 20. Kd2 Re8 21. h3 Nf6 22. Qc4 d5 23. Qc5+ Qxc5 24. dxc5 Ne4+ 25. Kc2 Bd1+ 26. Kb2 Nxc5 27. Na3 Re1 28. Nc2 Nd3+ 29. Kb1 Rf1 30. Ne3 Re1 31. Nxd1 Rxd1 32. Kc2 Nf2 33. Rh2 Rxg1 34. Rxf2 R1xg3 35. Rh2 Kg8 36. Bf4 Rf3 37. Bd2 f5 38. Re1 Kf7 39. Rhe2 Rb6 40. Re5 d4 41. cxd4 Rf2 42. Kd3 Kf6 43. Bxh6 Rxa2 44. b4 Ra3+ 45. Kc4 Rxh3 46. d5 Rh4+ 47. Kc5 Rhxb4 48. Re6+ Kf7 49. Re7+ Kg6 50. R1e6+ Kh5 51. Rxb6 1-0